[Event "interzonal (w)"]
[Site "Smederevska Palanka YUG"]
[Date "1987.07.23"]
[Round "7"]
[White "Wu Mingqian"]
[Black "An Yangfeng"]
[Result "1-0"]
[WhiteElo "2205"]
[BlackElo "2280"]
[EventDate "1987.07.16"]
[PlyCount "73"]

1.e4 e5 2.Bc4 Nc6 3.Nf3 Bc5 4.O-O Nf6 5.d3 d6 6.c3 a6 7.b4 Ba7 8.a4 O-O 9.
Bg5 h6 10.Bh4 g5 11.Bg3 Bg4 12.Nbd2 Bh5 13.Qc1 Bg6 14.Re1 Rb8 15.Nf1 Ne7 
16.h4 g4 17.h5 Bxh5 18.Qxh6 gxf3 19.Qxf6 fxg2 20.Ne3 Kh7 21.Kxg2 Nc6 22.
Nd5 Qxf6 23.Nxf6+ Kg6 24.Nd7 f5 25.Nxb8 Bxb8 26.exf5+ Rxf5 27.Bd5 Rf8 28.
Rh1 Ne7 29.Be4+ Kh6 30.Rh3 Nf5 31.Rah1 Ng7 32.Bxb7 Ba7 33.Bxa6 Kg5 34.Bh4+
Kh6 35.f3 Rf7 36.Bf2 Rf8 37.Bxa7 1-0

[Event "interzonal (w)"]
[Site "Smederevska Palanka YUG"]
[Date "1987.07.24"]
[Round "8"]
[White "An Yangfeng"]
[Black "Chaves, Joara"]
[Result "1-0"]
[WhiteElo "2280"]
[BlackElo "2130"]
[EventDate "1987.07.16"]
[PlyCount "89"]

1.d4 Nf6 2.Nf3 c5 3.d5 d6 4.c4 e5 5.Nc3 Be7 6.e4 O-O 7.h3 Ne8 8.g4 g6 9.
Bd3 Nd7 10.Bh6 Ng7 11.Qd2 Nf6 12.O-O-O Kh8 13.Rdg1 Bd7 14.Kd1 b5 15.cxb5 
a6 16.bxa6 Bc8 17.Kc2 c4 18.Bxc4 Bxa6 19.Bxa6 Rxa6 20.Qe2 Qb6 21.Kb1 Rb8 
22.Rc1 Qa5 23.Rc2 Nd7 24.Nd2 Nc5 25.Be3 Nd7 26.Rhc1 f5 27.gxf5 gxf5 28.f3 
Bh4 29.Qc4 f4 30.Bg1 Nc5 31.Bxc5 dxc5 32.Nb3 Qb6 33.Nxc5 Ra7 34.N3a4 Qg6 
35.Nd3 Bf6 36.Qc6 Ne8 37.d6 Rd8 38.Nac5 Rxd6 39.Qb5 Rg7 40.Nb3 Re7 41.Nb4 
Qh5 42.Nd5 Rg7 43.Rc8 Rg8 44.Nxf4 Qxf3 45.Rxe8 1-0

[Event "interzonal (w)"]
[Site "Smederevska Palanka YUG"]
[Date "1987.07.24"]
[Round "8"]
[White "Gaprindashvili, Nona"]
[Black "Klimova-Richtrova, Eliska"]
[Result "1/2-1/2"]
[WhiteElo "2495"]
[BlackElo "2380"]
[EventDate "1987.07.16"]
[PlyCount "67"]

1.d4 Nf6 2.c4 g6 3.Nc3 d5 4.cxd5 Nxd5 5.e4 Nxc3 6.bxc3 Bg7 7.Nf3 c5 8.Rb1 
O-O 9.Be2 cxd4 10.cxd4 Qa5+ 11.Qd2 Qxd2+ 12.Bxd2 b6 13.O-O Bb7 14.d5 Ba6 
15.Bxa6 Nxa6 16.Be3 f5 17.e5 f4 18.Bc1 Rad8 19.Rd1 Nc7 20.d6 exd6 21.exd6 
Ne6 22.Ba3 Rf5 23.Rd3 Rd7 24.h4 h6 25.Re1 Kf7 26.Re4 Bf6 27.Kh2 a5 28.Rc4 
b5 29.Rc6 b4 30.Bc1 Rb5 31.g3 fxg3+ 32.fxg3 g5 33.hxg5 hxg5 34.Be3 1/2-1/2

[Event "interzonal (w)"]
[Site "Smederevska Palanka YUG"]
[Date "1987.07.24"]
[Round "8"]
[White "Izrailov, Inna"]
[Black "Levitina, Irina"]
[Result "1/2-1/2"]
[WhiteElo "2120"]
[BlackElo "2350"]
[EventDate "1987.07.16"]
[PlyCount "66"]

1.e4 e6 2.d4 c5 3.Nf3 cxd4 4.Nxd4 Nf6 5.Nc3 Nc6 6.g3 Bb4 7.Bg2 d5 8.exd5 
Nxd5 9.Nxc6 bxc6 10.O-O O-O 11.Bd2 Ba6 12.Re1 Nxc3 13.Bxc3 Bxc3 14.bxc3 
Qc7 15.Qf3 Rac8 16.Qe4 Rfd8 17.Red1 c5 18.h4 Rb8 19.Qa4 Qb6 20.Rab1 Qxb1 
21.Rxb1 Rxb1+ 22.Kh2 Rb6 23.Qf4 Rc8 24.a4 Bb7 25.a5 Rb1 26.Qd6 Bxg2 27.
Kxg2 Rb7 28.a6 Rbc7 29.c4 h6 30.g4 Rc6 31.Qd7 R6c7 32.Qd6 Rc6 33.Qd7 R6c7 
1/2-1/2

[Event "interzonal (w)"]
[Site "Smederevska Palanka YUG"]
[Date "1987.07.24"]
[Round "8"]
[White "Madl, Ildiko"]
[Black "Nyberg, Christina"]
[Result "1-0"]
[WhiteElo "2335"]
[BlackElo "2045"]
[EventDate "1987.07.16"]
[PlyCount "45"]

1.e4 e6 2.d4 d5 3.Nc3 Bb4 4.e5 c5 5.a3 Bxc3+ 6.bxc3 Ne7 7.Qg4 Qc7 8.Bd3 
cxd4 9.Ne2 Nbc6 10.cxd4 Bd7 11.O-O g6 12.Bg5 Nf5 13.Bf6 Rg8 14.Bxf5 exf5 
15.Qh4 h5 16.c4 Qa5 17.cxd5 Qxd5 18.Nf4 Qa5 19.d5 Nd8 20.Rfe1 Rc8 21.e6 
fxe6 22.dxe6 Ba4 23.Nxh5 1-0

[Event "interzonal (w)"]
[Site "Smederevska Palanka YUG"]
[Date "1987.07.24"]
[Round "8"]
[White "Lelchuk, Zoya"]
[Black "Markovic-Jovanovic, Gordana"]
[Result "1-0"]
[WhiteElo "2340"]
[BlackElo "2335"]
[EventDate "1987.07.16"]
[PlyCount "95"]

1.Nf3 Nf6 2.d4 e6 3.Bg5 Be7 4.Nbd2 b6 5.e4 Bb7 6.Bd3 h6 7.Bxf6 Bxf6 8.c3 
d6 9.Qe2 g6 10.O-O-O Nd7 11.e5 Bg7 12.h4 Qe7 13.h5 g5 14.Be4 O-O-O 15.
Bxb7+ Kxb7 16.Nb3 dxe5 17.Qb5 Nb8 18.dxe5 c6 19.Qe2 g4 20.Nfd2 Qg5 21.f4 
gxf3 22.Qxf3 Rd7 23.Rhe1 Bxe5 24.Kc2 Rhd8 25.Ne4 Qf4 26.Rxd7+ Rxd7 27.Qxf4
Bxf4 28.Rf1 Be5 29.Nf6 Rc7 30.Nd2 c5 31.Nc4 Nc6 32.Ne8 Rd7 33.Rxf7 Rxf7 
34.Ncd6+ Kb8 35.Nxf7 Bf4 36.Ng7 e5 37.Nf5 e4 38.N5xh6 Ne7 39.Ng4 e3 40.Kd1
Kc7 41.h6 Ng6 42.h7 b5 43.h8=Q Nxh8 44.Nxh8 a5 45.Ke2 Kc6 46.Ng6 Bg5 47.
Nxe3 a4 48.b3 1-0

[Event "interzonal (w)"]
[Site "Smederevska Palanka YUG"]
[Date "1987.07.24"]
[Round "8"]
[White "Voiska, Margarita"]
[Black "De Armas Perez, Asela"]
[Result "0-1"]
[WhiteElo "2350"]
[BlackElo "2220"]
[EventDate "1987.07.16"]
[PlyCount "68"]

1.d4 Nf6 2.Nf3 g6 3.c4 Bg7 4.Nc3 d6 5.Bg5 Nbd7 6.e3 O-O 7.Be2 c6 8.Qc2 a6 
9.O-O b5 10.a3 Bb7 11.Nd2 bxc4 12.Nxc4 c5 13.dxc5 Nxc5 14.b4 Nce4 15.Bxf6 
Nxf6 16.Na5 Qc7 17.Nxb7 Qxb7 18.Qd3 Qa7 19.Rac1 Rfc8 20.Bf3 Rab8 21.Ne2 
Nd7 22.Bd5 Ne5 23.Qb3 Rxc1 24.Rxc1 e6 25.Be4 d5 26.Bd3 a5 27.b5 a4 28.Qd1 
Qa5 29.Rb1 Bf8 30.Nd4 Bxa3 31.f4 Nxd3 32.Nc6 Qb6 33.Qxd3 Rc8 34.Ne7+ Bxe7 
0-1

[Event "interzonal (w)"]
[Site "Smederevska Palanka YUG"]
[Date "1987.07.24"]
[Round "8"]
[White "Wu Mingqian"]
[Black "Arkell, Susan"]
[Result "1/2-1/2"]
[WhiteElo "2205"]
[BlackElo "2335"]
[EventDate "1987.07.16"]
[PlyCount "109"]

1.e4 e6 2.d4 d5 3.Nd2 Nf6 4.e5 Nfd7 5.f4 c5 6.c3 Nc6 7.Ndf3 Qb6 8.g3 cxd4 
9.cxd4 Bb4+ 10.Kf2 g5 11.h3 f6 12.exf6 Nxf6 13.fxg5 Ne4+ 14.Kg2 O-O 15.Ne2
e5 16.Be3 Be6 17.Qd3 Nf2 18.Bxf2 e4 19.Qe3 Rxf3 20.Qc1 Rc8 21.g6 Nxd4 22.
Bxd4 Rxc1 23.Rxc1 Qd6 24.gxh7+ Kxh7 25.Kh2 b6 26.Bg2 Rd3 27.Rhf1 Bc5 28.
Bc3 Be3 29.Rc2 Kg8 30.a3 a5 31.Rf6 d4 32.Bxd4 Rxd4 33.Nxd4 Bxd4 34.Rg6+ 
Kf7 35.Bxe4 Qe5 36.Re2 Qh5 37.g4 Qe5+ 38.Kg2 Bd5 39.Kf3 Bxe4+ 40.Rxe4 Kxg6
41.Rxe5 Bxe5 42.b3 Bd6 43.a4 Kg5 44.Ke4 Kf6 45.Kd5 Bc5 46.Kc6 Kg5 47.Kb5 
Kf4 48.Kc6 Ke5 49.h4 Be3 50.h5 Ke6 51.Kb5 Kd5 52.g5 Bxg5 53.Kxb6 Bd8+ 54.
Kb5 Ke6 55.b4 1/2-1/2

[Event "interzonal (w)"]
[Site "Smederevska Palanka YUG"]
[Date "1987.07.26"]
[Round "9"]
[White "Chaves, Joara"]
[Black "Madl, Ildiko"]
[Result "0-1"]
[WhiteElo "2130"]
[BlackElo "2335"]
[EventDate "1987.07.16"]
[PlyCount "76"]

1.f4 Nf6 2.b3 g6 3.Bb2 Bg7 4.Nf3 O-O 5.e3 d6 6.Bd3 Nc6 7.O-O e5 8.Nc3 Qe7 
9.fxe5 dxe5 10.Bb5 e4 11.Bxc6 bxc6 12.Nd4 c5 13.Ba3 Qe5 14.Nde2 Rd8 15.Rb1
Ng4 16.Ng3 Nxe3 17.Qe2 Nxf1 18.Rxf1 Qd4+ 19.Kh1 Qxd2 20.Rd1 Bxc3 21.Rxd2 
Rxd2 22.Qe1 Bg4 23.Nxe4 Rd1 24.Qxd1 Bxd1 25.Nxc3 Bxc2 26.Bxc5 a6 27.Kg1 
Rd8 28.b4 Rd3 29.Ne2 Rd2 30.Nf4 Ba4 31.a3 Bc6 32.h4 Ra2 33.Be7 Rxa3 34.Bd8
Rb3 35.Bxc7 Rxb4 36.g3 Rb2 37.Nd3 Rg2+ 38.Kf1 Rc2 0-1

[Event "interzonal (w)"]
[Site "Smederevska Palanka YUG"]
[Date "1987.07.26"]
[Round "9"]
[White "De Armas Perez, Asela"]
[Black "Wu Mingqian"]
[Result "1/2-1/2"]
[WhiteElo "2220"]
[BlackElo "2205"]
[EventDate "1987.07.16"]
[PlyCount "127"]

1.e4 e5 2.Nf3 Nf6 3.Nc3 Nc6 4.d4 exd4 5.Nxd4 Bb4 6.Nxc6 bxc6 7.Bd3 d5 8.
exd5 Qe7+ 9.Qe2 Qxe2+ 10.Bxe2 cxd5 11.Bd2 O-O 12.O-O-O c6 13.f3 Be6 14.Na4
a5 15.Be3 Nd7 16.f4 Rfe8 17.Bf3 Bf5 18.Bf2 Nf6 19.Bd4 Bd6 20.g3 Be4 21.
Bxe4 Nxe4 22.Nc3 f5 23.Rhe1 Rab8 24.a3 Rb7 25.Nb1 Reb8 26.b3 a4 27.b4 c5 
28.Be5 Bxe5 29.fxe5 d4 30.Rd3 cxb4 31.Rxd4 bxa3 32.Nxa3 Rb4 33.Red1 Kf7 
34.Rd7+ Ke6 35.Rxg7 Kxe5 36.Rxh7 Nc3 37.Re7+ Kf6 38.Rdd7 Nb1 39.Nxb1 Rxb1+
40.Kd2 R1b2 41.Re3 Ra8 42.Rd6+ Kf7 43.Ra3 Rb4 44.Rdd3 Kg6 45.Rac3 Rb6 46.
h4 Kh5 47.Rf3 Ra5 48.Ra3 Rb4 49.Rf1 Kg4 50.Kc3 Re4 51.Rf4+ Rxf4 52.gxf4 
Rc5+ 53.Kd3 Kxf4 54.c4 Kg4 55.Kd4 Rc8 56.Rxa4 Kxh4 57.c5 Kg3 58.Kd5 f4 59.
c6 f3 60.Ra3 Kg2 61.Kd6 f2 62.Ra2 Kg1 63.Rxf2 Kxf2 64.c7 1/2-1/2

[Event "interzonal (w)"]
[Site "Smederevska Palanka YUG"]
[Date "1987.07.26"]
[Round "9"]
[White "Arkell, Susan"]
[Black "An Yangfeng"]
[Result "1-0"]
[WhiteElo "2335"]
[BlackElo "2280"]
[EventDate "1987.07.16"]
[PlyCount "137"]

1.e4 g6 2.d4 Bg7 3.c3 d6 4.Bg5 Nf6 5.Nd2 Nbd7 6.Bd3 h6 7.Bh4 e5 8.Ne2 O-O 
9.O-O g5 10.Bg3 Nh5 11.Nc4 Qe7 12.Qc2 Nf4 13.Kh1 Nf6 14.Bxf4 gxf4 15.Ng1 
Kh8 16.dxe5 dxe5 17.Nf3 Nh7 18.g3 Bh3 19.Rg1 Ng5 20.Nh4 Be6 21.Qe2 Rad8 
22.Bc2 f3 23.Qf1 Nh3 24.Ne3 Rd2 25.Nhf5 Bxf5 26.Nxf5 Nxf2+ 27.Qxf2 Rxf2 
28.Nxe7 Rxc2 29.Rgf1 Rd8 30.Rxf3 Rdd2 31.Rxf7 Rxh2+ 32.Kg1 Rcg2+ 33.Kf1 
Rxg3 34.Rd1 Rxb2 35.Nf5 Rg4 36.Rd8+ Kh7 37.Rdd7 Rbg2 38.Rxc7 b6 39.Rxa7 h5
40.Rf6 Rg6 41.Rff7 R2g4 42.Kf2 Rf4+ 43.Ke3 Rfg4 44.a4 Kh8 45.c4 Bh6+ 46.
Kd3 Bg7 47.a5 bxa5 48.c5 h4 49.c6 Rxc6 50.Nxg7 Rg3+ 51.Ke2 Kg8 52.Nh5 Rgg6
53.Rfe7 Rc8 54.Rxe5 Rf8 55.Raxa5 Kh7 56.Rf5 Rxf5 57.Rxf5 h3 58.Rf2 Rh6 59.
Ng3 Kg6 60.Rh2 Kg5 61.Kf3 Rh4 62.Ne2 Rh7 63.Ng1 Rf7+ 64.Kg3 Rg7 65.Nxh3+ 
Kh5+ 66.Kf3 Rf7+ 67.Nf4+ Kg5 68.Rh5+ Kf6 69.Rf5+ 1-0

[Event "interzonal (w)"]
[Site "Smederevska Palanka YUG"]
[Date "1987.07.26"]
[Round "9"]
[White "Levitina, Irina"]
[Black "Maric, Alisa"]
[Result "0-1"]
[WhiteElo "2350"]
[BlackElo "2360"]
[EventDate "1987.07.16"]
[PlyCount "62"]

1.d4 d5 2.Nf3 e6 3.c4 Nf6 4.Nc3 Be7 5.Bg5 h6 6.Bxf6 Bxf6 7.Qc2 O-O 8.O-O-O
Na6 9.e4 dxe4 10.Nxe4 b6 11.Nxf6+ Qxf6 12.Qe4 Rb8 13.Bd3 g6 14.Ne5 c5 15.
h4 Bb7 16.d5 exd5 17.cxd5 Rfe8 18.Ng4 Qd6 19.Qf3 Kg7 20.h5 Nb4 21.hxg6 
Bxd5 22.Nxh6 Bxf3 23.Nf5+ Kf6 24.Nxd6 Bxd1 25.Nxe8+ Rxe8 26.Bb5 Rd8 27.
gxf7 Nxa2+ 28.Kb1 Bb3 29.Be8 Ke7 30.Re1+ Kf8 31.Rh1 Kg7 0-1

[Event "interzonal (w)"]
[Site "Smederevska Palanka YUG"]
[Date "1987.07.26"]
[Round "9"]
[White "Litinskaya, Marta"]
[Black "Lelchuk, Zoya"]
[Result "1-0"]
[WhiteElo "2415"]
[BlackElo "2340"]
[EventDate "1987.07.16"]
[PlyCount "75"]

1.d4 e6 2.c4 Bb4+ 3.Bd2 a5 4.Nf3 d6 5.Nc3 Nd7 6.a3 Bxc3 7.Bxc3 f5 8.b4 
Ngf6 9.e3 Ne4 10.Bb2 Ndf6 11.Bd3 O-O 12.O-O b6 13.Ne1 axb4 14.axb4 Rxa1 
15.Bxa1 b5 16.c5 Nd5 17.Nc2 Qg5 18.Qe2 Bd7 19.f3 Nef6 20.Bb2 Bc6 21.Ra1 
Nh5 22.Bc1 e5 23.dxe5 dxe5 24.Bd2 Rb8 25.Ra5 e4 26.fxe4 Ndf6 27.exf5 Re8 
28.Nd4 Bd5 29.Bxb5 Nf4 30.exf4 Rxe2 31.fxg5 Rxg2+ 32.Kf1 Rxd2 33.Nc6 Bxc6 
34.Bxc6 Ng4 35.Ra7 Rb2 36.b5 Rc2 37.Rxc7 Rxc5 38.Rc8+ 1-0

[Event "interzonal (w)"]
[Site "Smederevska Palanka YUG"]
[Date "1987.07.26"]
[Round "9"]
[White "Markovic-Jovanovic, Gordana"]
[Black "Gaprindashvili, Nona"]
[Result "0-1"]
[WhiteElo "2335"]
[BlackElo "2495"]
[EventDate "1987.07.16"]
[PlyCount "80"]

1.e4 c6 2.d4 g6 3.Nf3 Bg7 4.Nc3 d5 5.h3 Nh6 6.Bf4 f6 7.Qd2 Nf7 8.O-O-O e5 
9.dxe5 fxe5 10.Bg5 Nxg5 11.Nxg5 h6 12.Nf3 d4 13.Bc4 Qe7 14.Ne2 Be6 15.Bxe6
Qxe6 16.Kb1 O-O 17.h4 c5 18.Ng3 Nc6 19.h5 Nb4 20.c4 g5 21.a3 Nc6 22.Rc1 
Rab8 23.Qc2 b5 24.cxb5 Rxb5 25.a4 Rb6 26.Ne1 Nb4 27.Qc4 Qxc4 28.Rxc4 Rxf2 
29.Rxc5 d3 30.Rc8+ Bf8 31.Rd8 Nc6 32.Nxd3 Rxg2 33.Rxf8+ Kxf8 34.Rf1+ Ke8 
35.Nf5 Rd2 36.Rf3 Rb3 37.Ng7+ Ke7 38.Nf5+ Kd8 39.Ne1 Rbxb2+ 40.Kc1 Nb4 0-1

[Event "interzonal (w)"]
[Site "Smederevska Palanka YUG"]
[Date "1987.07.26"]
[Round "9"]
[White "Nyberg, Christina"]
[Black "Izrailov, Inna"]
[Result "0-1"]
[WhiteElo "2045"]
[BlackElo "2120"]
[EventDate "1987.07.16"]
[PlyCount "56"]

1.d4 Nf6 2.c4 c5 3.d5 d6 4.Nc3 g6 5.e4 Bg7 6.f4 O-O 7.Nf3 e6 8.dxe6 fxe6 
9.Bd3 Nc6 10.O-O Nd4 11.Ng5 e5 12.f5 h6 13.Nh3 gxf5 14.exf5 b5 15.b3 Bb7 
16.Qe1 e4 17.Bb1 b4 18.Nd1 Ng4 19.Bb2 Rxf5 20.Rxf5 Nxf5 21.Bxg7 Kxg7 22.
Ndf2 Nxf2 23.Nxf2 Qh4 24.Bc2 Re8 25.a3 Nd4 26.Bd1 e3 27.Nd3 Qg5 28.g3 e2 
0-1

[Event "interzonal (w)"]
[Site "Smederevska Palanka YUG"]
[Date "1987.07.26"]
[Round "9"]
[White "Klimova-Richtrova, Eliska"]
[Black "Voiska, Margarita"]
[Result "1-0"]
[WhiteElo "2380"]
[BlackElo "2350"]
[EventDate "1987.07.16"]
[PlyCount "77"]

1.e4 e6 2.d4 d5 3.Nd2 c5 4.Ngf3 Nc6 5.Bb5 Bd6 6.e5 Be7 7.O-O Bd7 8.dxc5 
Bxc5 9.c4 Nge7 10.cxd5 exd5 11.Nb3 Bb6 12.Re1 O-O 13.Bd3 Bf5 14.Bxf5 Nxf5 
15.Qd3 Qd7 16.Bd2 Nfe7 17.Nbd4 Ng6 18.Nxc6 bxc6 19.Rac1 Rfe8 20.h4 Nf8 21.
h5 h6 22.Nd4 Qg4 23.Nxc6 Ne6 24.Qe2 Qh4 25.Rc3 Rac8 26.g3 Qh3 27.Ne7+ Rxe7
28.Rxc8+ Nf8 29.Rc3 Bd4 30.Rd3 Rxe5 31.Qf3 Qe6 32.Rxe5 Qxe5 33.Bc3 Ne6 34.
Qd1 Bxc3 35.bxc3 Qe4 36.Qf3 Qe1+ 37.Kg2 Ng5 38.Qxd5 Ne6 39.Qf5 1-0

[Event "interzonal (w)"]
[Site "Smederevska Palanka YUG"]
[Date "1987.07.27"]
[Round "10"]
[White "An Yangfeng"]
[Black "Madl, Ildiko"]
[Result "1/2-1/2"]
[WhiteElo "2280"]
[BlackElo "2335"]
[EventDate "1987.07.16"]
[PlyCount "140"]

1.d4 Nf6 2.c4 e6 3.Nf3 Bb4+ 4.Nbd2 b6 5.a3 Bxd2+ 6.Qxd2 Bb7 7.e3 Ne4 8.Qd3
O-O 9.Be2 f5 10.O-O Rf6 11.b4 Rh6 12.Bb2 d6 13.d5 e5 14.g3 Nd7 15.Nd2 Ndf6
16.f3 Nxd2 17.Qxd2 Qd7 18.Rad1 Rf8 19.f4 Ne4 20.Qc2 Qe8 21.Bf3 exf4 22.
exf4 Qg6 23.Bxe4 fxe4 24.Rde1 b5 25.Qxe4 Qh5 26.Rf2 bxc4 27.f5 Qf7 28.Qe7 
Bxd5 29.g4 Rh3 30.Bd4 Rd3 31.Rf4 h6 32.g5 Rd2 33.g6 Rg2+ 34.Kf1 Qxe7 35.
Rxe7 Rxg6 36.Rxc7 Rg5 37.Rxa7 Rfxf5 38.Rxg7+ Kf8 39.Rxf5+ Rxf5+ 40.Ke2 Rf4
41.Bc3 Rh4 42.Rd7 Rxh2+ 43.Ke1 Rh3 44.Rxd6 Rd3 45.Bf6 Kf7 46.a4 Be4 47.
Rxd3 Bxd3 48.Bd4 Ke6 49.Kd2 h5 50.Bf2 Kd7 51.Kc3 Bf1 52.b5 Kc7 53.Kb4 Kb7 
54.Be1 Be2 55.a5 Bf1 56.a6+ Ka7 57.Bf2+ Kb8 58.b6 Bg2 59.Be1 Kc8 60.Bg3 
Bf3 61.Be1 c3 62.Kxc3 h4 63.Bxh4 Bg2 64.Kb4 Bf3 65.Kc5 Bg2 66.Kd6 Bf3 67.
Bf6 Be4 68.Ke5 Bh1 69.b7+ Bxb7 70.axb7+ Kxb7 1/2-1/2

[Event "interzonal (w)"]
[Site "Smederevska Palanka YUG"]
[Date "1987.07.27"]
[Round "10"]
[White "Gaprindashvili, Nona"]
[Black "Litinskaya, Marta"]
[Result "1-0"]
[WhiteElo "2495"]
[BlackElo "2415"]
[EventDate "1987.07.16"]
[PlyCount "107"]

1.d4 Nf6 2.c4 e6 3.Nf3 Bb4+ 4.Nbd2 d5 5.Qa4+ Nc6 6.e3 Bd7 7.Qc2 Ne4 8.a3 
Bxd2+ 9.Nxd2 f5 10.Be2 O-O 11.O-O Be8 12.Nxe4 fxe4 13.f4 exf3 14.Bxf3 Bg6 
15.Qc3 Qd7 16.Bd2 Rad8 17.Rac1 Rf6 18.Be1 Rdf8 19.Bh4 Rf5 20.Rf2 Bh5 21.
Bxh5 Rxh5 22.Rxf8+ Kxf8 23.Rf1+ Kg8 24.Bg3 Ne7 25.Qa5 Rf5 26.Rxf5 Nxf5 27.
Qxa7 Nxe3 28.Qxb7 dxc4 29.Qa8+ Kf7 30.Qf3+ Nf5 31.Be5 Kg8 32.Qa8+ Kf7 33.
Qa7 h5 34.Qxc7 Qxc7 35.Bxc7 Nxd4 36.a4 Nc6 37.Kf2 Ke7 38.Ke3 Kd7 39.Bb6 
Kc8 40.Bd4 g6 41.Bc3 Kc7 42.Kf4 Kb6 43.Kg5 Ne7 44.Kf6 Nd5+ 45.Ke5 Kc5 46.
Kxe6 Nf4+ 47.Kf6 Nxg2 48.Kxg6 h4 49.Kg5 Kd5 50.Kg4 Ke4 51.a5 Kd5 52.Kh3 
Nf4+ 53.Kxh4 Kc5 54.Kg4 1-0

[Event "interzonal (w)"]
[Site "Smederevska Palanka YUG"]
[Date "1987.07.27"]
[Round "10"]
[White "Izrailov, Inna"]
[Black "Chaves, Joara"]
[Result "1-0"]
[WhiteElo "2120"]
[BlackElo "2130"]
[EventDate "1987.07.16"]
[PlyCount "81"]

1.e4 c5 2.Nc3 Nc6 3.f4 d6 4.Nf3 g6 5.Bb5 Bg7 6.O-O a6 7.Bxc6+ bxc6 8.d3 
Qb6 9.Kh1 Nf6 10.Qe1 Nd7 11.e5 dxe5 12.fxe5 Nf8 13.Ng5 Be6 14.Qf2 Bxe5 15.
Nxf7 Bxf7 16.Qxf7+ Kd8 17.Bg5 Ra7 18.Rae1 Qc7 19.Ne4 h6 20.Nxc5 Qd6 21.d4 
hxg5 22.Rxe5 Nd7 23.Nxd7 Rxd7 24.c3 c5 25.Qg7 Re8 26.Rf8 Rxf8 27.Qxf8+ Kc7
28.Re4 cxd4 29.cxd4 Qb4 30.Qf2 Qc4 31.b3 Qc1+ 32.Re1 Qf4 33.Qc2+ Kd8 34.
Qxg6 g4 35.Qg8+ Kc7 36.Qc4+ Kd8 37.Rf1 Qh6 38.Rc1 e6 39.Qc8+ Ke7 40.Qc5+ 
Kd8 41.Rf1 1-0

[Event "interzonal (w)"]
[Site "Smederevska Palanka YUG"]
[Date "1987.07.27"]
[Round "10"]
[White "Arkell, Susan"]
[Black "De Armas Perez, Asela"]
[Result "1/2-1/2"]
[WhiteElo "2335"]
[BlackElo "2220"]
[EventDate "1987.07.16"]
[PlyCount "47"]

1.e4 c5 2.Nc3 Nc6 3.f4 g6 4.Nf3 Bg7 5.Bc4 d6 6.O-O Nh6 7.d3 O-O 8.a4 Ng4 
9.h3 Nf6 10.Qe1 Nd4 11.Nxd4 cxd4 12.Nd5 e6 13.Nxf6+ Bxf6 14.Bd2 b6 15.Bb3 
Bb7 16.f5 exf5 17.exf5 Bg5 18.fxg6 hxg6 19.Bxf7+ Rxf7 20.Qe6 Bf6 21.Rae1 
Bc8 22.Qd5 Bb7 23.Qe6 Bc8 24.Qd5 1/2-1/2

[Event "interzonal (w)"]
[Site "Smederevska Palanka YUG"]
[Date "1987.07.27"]
[Round "10"]
[White "Maric, Alisa"]
[Black "Nyberg, Christina"]
[Result "1/2-1/2"]
[WhiteElo "2360"]
[BlackElo "2045"]
[EventDate "1987.07.16"]
[PlyCount "53"]

1.c4 Nf6 2.g3 g6 3.Bg2 Bg7 4.Nc3 O-O 5.d3 d6 6.e4 Nc6 7.Nge2 e5 8.O-O Nh5 
9.Be3 Be6 10.Qd2 Qd7 11.f4 f5 12.Rae1 Nf6 13.Nd5 Ng4 14.Kh1 Nxe3 15.Nxe3 
Rae8 16.exf5 gxf5 17.b4 Nd8 18.d4 Qf7 19.d5 Bd7 20.fxe5 dxe5 21.Qc2 Qh5 
22.c5 Rf6 23.Bf3 Qg5 24.Nc4 Rh6 25.Qd2 Qg6 26.Rf2 e4 27.Bg2 1/2-1/2

[Event "interzonal (w)"]
[Site "Smederevska Palanka YUG"]
[Date "1987.07.27"]
[Round "10"]
[White "Lelchuk, Zoya"]
[Black "Levitina, Irina"]
[Result "0-1"]
[WhiteElo "2340"]
[BlackElo "2350"]
[EventDate "1987.07.16"]
[PlyCount "130"]

1.c4 Nf6 2.Nc3 d5 3.cxd5 Nxd5 4.g3 Nxc3 5.bxc3 g6 6.Bg2 Bg7 7.Qb3 Nd7 8.
Nf3 O-O 9.O-O c5 10.Ba3 Qc7 11.d4 Rb8 12.Rad1 b6 13.e4 Bb7 14.Rfe1 Rfe8 
15.Bf1 Rbc8 16.d5 c4 17.Qc2 b5 18.Bc1 Qa5 19.Nd4 Nc5 20.Bg5 Na4 21.Bd2 a6 
22.Re3 e5 23.Ne2 Rcd8 24.g4 Nc5 25.Ng3 Bc8 26.h3 Qa4 27.Qb1 Nb7 28.Rf3 f6 
29.Be2 Qa5 30.Be3 Nd6 31.Kh2 Nf7 32.Bc5 Ng5 33.Re3 Qc7 34.Qb4 Nf7 35.a4 
Bd7 36.axb5 axb5 37.Ra1 Ra8 38.Rxa8 Rxa8 39.Bd1 Qa5 40.Bf3 Bh6 41.Re2 Qxb4
42.Bxb4 Bf8 43.Bxf8 Kxf8 44.Rb2 Ra3 45.Ne2 Ke7 46.Bg2 Kd6 47.f3 Kc5 48.Kg3
Nd6 49.Kf2 Nc8 50.Ke1 Nb6 51.Kd2 Na4 52.Rc2 b4 53.cxb4+ Kxb4 54.Nc1 c3+ 
55.Ke3 Bb5 56.f4 Nb2 57.g5 Nc4+ 58.Kf2 fxg5 59.fxe5 Nxe5 60.Ke3 Ba4 61.
Na2+ Ka5 62.Rxc3 Rxa2 63.Kd4 Nd7 64.Bf3 Bb5 65.e5 Ra4+ 0-1

[Event "interzonal (w)"]
[Site "Smederevska Palanka YUG"]
[Date "1987.07.27"]
[Round "10"]
[White "Voiska, Margarita"]
[Black "Markovic-Jovanovic, Gordana"]
[Result "1/2-1/2"]
[WhiteElo "2350"]
[BlackElo "2335"]
[EventDate "1987.07.16"]
[PlyCount "40"]

1.Nf3 Nf6 2.g3 d5 3.Bg2 Bf5 4.O-O c6 5.d3 Nbd7 6.c4 dxc4 7.dxc4 e5 8.b3 
Be7 9.Bb2 Qc7 10.Nh4 Bg6 11.Nc3 O-O 12.Nxg6 hxg6 13.Qc2 Rfe8 14.Rad1 Rad8 
15.h3 a5 16.Rd2 Nc5 17.Rfd1 Rxd2 18.Rxd2 Rd8 19.Nb1 Rxd2 20.Nxd2 Qd6 
1/2-1/2

[Event "interzonal (w)"]
[Site "Smederevska Palanka YUG"]
[Date "1987.07.27"]
[Round "10"]
[White "Wu Mingqian"]
[Black "Klimova-Richtrova, Eliska"]
[Result "0-1"]
[WhiteElo "2205"]
[BlackElo "2380"]
[EventDate "1987.07.16"]
[PlyCount "38"]

1.e4 e5 2.Bc4 Nc6 3.d3 Bc5 4.Nf3 d6 5.c3 Nf6 6.b4 Bb6 7.a4 a6 8.O-O O-O 9.
Be3 d5 10.exd5 Nxd5 11.Bxd5 Qxd5 12.c4 Qe6 13.Re1 Nxb4 14.Bxb6 Qxb6 15.
Rxe5 Bg4 16.Re3 Rfe8 17.Rxe8+ Rxe8 18.Nc3 Bxf3 19.Qxf3 Qd4 0-1

[Event "interzonal (w)"]
[Site "Smederevska Palanka YUG"]
[Date "1987.07.28"]
[Round "11"]
[White "Chaves, Joara"]
[Black "Maric, Alisa"]
[Result "1/2-1/2"]
[WhiteElo "2130"]
[BlackElo "2360"]
[EventDate "1987.07.16"]
[PlyCount "123"]

1.e4 e6 2.d4 d5 3.Nd2 a6 4.Ngf3 c5 5.dxc5 Bxc5 6.Nb3 Ba7 7.exd5 exd5 8.Bg5
Ne7 9.c3 O-O 10.Bd3 Nbc6 11.O-O Qd6 12.Qd2 Bg4 13.Bf4 Qd7 14.Ne5 Nxe5 15.
Bxe5 Rad8 16.Bd4 Bb8 17.h3 Bf5 18.Rae1 Ng6 19.Bxf5 Qxf5 20.Nc5 Nf4 21.Be3 
b5 22.Nxa6 Nxh3+ 23.gxh3 Qg6+ 24.Bg5 h6 25.Nxb8 Rxb8 26.Qxd5 hxg5 27.Qg2 
b4 28.cxb4 Rxb4 29.f3 Qb6+ 30.Qf2 Rxb2 31.Qxb6 Rxb6 32.Re5 f6 33.Re7 Ra8 
34.Rf2 Rb1+ 35.Kg2 Ra1 36.Ree2 Kf7 37.Kg3 Ra4 38.Rh2 Kg6 39.Rc2 Kh5 40.
Rhd2 Ra3 41.Kg2 Kg6 42.Re2 f5 43.Rb2 Kh5 44.Rbc2 f4 45.Rb2 Ra8 46.Rf2 Kh4 
47.Rbc2 Rd8 48.Rfd2 Re8 49.Re2 Re3 50.Rb2 Rd1 51.Rbc2 Kh5 52.Rb2 Rdd3 53.
Rxe3 fxe3 54.Kg3 Rd2 55.Rb3 e2 56.Re3 Rxa2 57.Re6 Rb2 58.Re4 Kg6 59.Re8 
Kf7 60.Re4 Kf6 61.Re8 Ra2 62.Re4 1/2-1/2

[Event "interzonal (w)"]
[Site "Smederevska Palanka YUG"]
[Date "1987.07.28"]
[Round "11"]
[White "De Armas Perez, Asela"]
[Black "An Yangfeng"]
[Result "0-1"]
[WhiteElo "2220"]
[BlackElo "2280"]
[EventDate "1987.07.16"]
[PlyCount "188"]

1.e4 g6 2.d4 Bg7 3.c3 d6 4.Bd3 c6 5.Nf3 Nd7 6.O-O e5 7.Be3 Ngf6 8.dxe5 
dxe5 9.h3 O-O 10.Qc2 Qe7 11.Nbd2 Nc5 12.Be2 Nh5 13.b4 Ne6 14.Nc4 Qc7 15.
Rfd1 b6 16.a4 h6 17.a5 b5 18.Ncd2 Rb8 19.Nb3 Re8 20.Ne1 Nf6 21.Bf3 Bf8 22.
Nd3 Ng5 23.Bxg5 hxg5 24.Ndc5 Qe7 25.Qe2 Bh6 26.g4 Bf8 27.Rd2 Rd8 28.Rad1 
Rxd2 29.Qxd2 Ne8 30.Qd8 Nd6 31.Qxe7 Bxe7 32.Be2 f6 33.f3 Kf7 34.Kf2 Bf8 
35.Bd3 Ke8 36.Rh1 Nf7 37.Bb1 Ke7 38.Ba2 Ke8 39.Ke3 Nd6 40.Nd2 Nf7 41.Ndb3 
Bh6 42.Ke2 Bf8 43.Rh2 Nd8 44.h4 gxh4 45.Rxh4 Be6 46.Rh7 Bc4+ 47.Ke3 Nf7 
48.Rh1 Bh6+ 49.Kf2 Rd8 50.Bb1 Ke7 51.Re1 Bf4 52.a6 Ng5 53.Rh1 Nf7 54.Rh7 
Bh6 55.Ke1 Kf8 56.Na5 Bd2+ 57.Kf2 Kg8 58.Rxf7 Kxf7 59.Nxc6 Rh8 60.Nxa7 Ke7
61.Bd3 Bxc3 62.Nxb5 Bxb5 63.Bxb5 Bxb4 64.Nd3 Bc3 65.Bc6 Bd4+ 66.Kg3 Rc8 
67.Nb4 Kd6 68.Bb7 Rc1 69.Nd5 Ke6 70.Kh2 Rc2+ 71.Kg3 Rb2 72.Bc8+ Kf7 73.Bd7
Kg7 74.Bc8 g5 75.Bb7 Bg1 76.Kh3 Kf7 77.Bc8 Rh2+ 78.Kg3 Rc2 79.Bb7 Ke6 80.
Kh3 Kf7 81.Kg3 Kg7 82.Kh3 Rh2+ 83.Kg3 Ra2 84.Kh3 Bd4 85.Kg3 Kf8 86.Nxf6 
Be3 87.Nd5 Bf4+ 88.Nxf4 exf4+ 89.Kh3 Ke7 90.Bd5 Rxa6 91.Kg2 Kd6 92.Kf2 Ke5
93.Bc4 Rb6 94.Bf7 Kd4 0-1

[Event "interzonal (w)"]
[Site "Smederevska Palanka YUG"]
[Date "1987.07.28"]
[Round "11"]
[White "Levitina, Irina"]
[Black "Gaprindashvili, Nona"]
[Result "1/2-1/2"]
[WhiteElo "2350"]
[BlackElo "2495"]
[EventDate "1987.07.16"]
[PlyCount "89"]

1.d4 d5 2.Nf3 e6 3.c4 Be7 4.Nc3 Nf6 5.Bg5 Nbd7 6.e3 h6 7.Bh4 O-O 8.Qc2 c5 
9.cxd5 Nxd5 10.Bxe7 Qxe7 11.Nxd5 exd5 12.Be2 c4 13.O-O b5 14.b3 Bb7 15.a4 
a6 16.Rab1 Bc6 17.Rfd1 Rfc8 18.bxc4 bxc4 19.a5 Rab8 20.Qc3 Rb5 21.Nd2 Rcb8
22.Bf3 Nf6 23.h3 Bd7 24.Re1 Bf5 25.e4 Rxb1 26.Nxb1 Bxe4 27.Nd2 Qb4 28.Qxb4
Rxb4 29.Nxe4 dxe4 30.Bxe4 c3 31.Bc2 Rxd4 32.Rb1 g6 33.Rb8+ Kg7 34.Rc8 Nd5 
35.Bb3 Kf6 36.Bxd5 Rd1+ 37.Kh2 Rxd5 38.Rxc3 Rxa5 39.Rc7 Ra3 40.h4 h5 41.g3
a5 42.Kg2 a4 43.Rc6+ Ke5 44.Rc7 f6 45.Ra7 1/2-1/2